000 00834nam a2200265 a 4500
001 4689
003 BD-RjUL
005 20211208233934.0
008 131223s1996 ii b 001 0 eng
020 _a8171004180 :
035 _a(BD-RjUL)4724
040 _aDLC
_cDLC
_dDLC
_dBD-RjUL
_beng
041 _aeng
082 _a323.0954
_bSHF1996
_223
100 1 _aSharma, R. N.
_q(Ram Niwas)
_914785
245 1 0 _aFundamental rights, liberty, and social order /
_cR.N. Sharma ; foreword by Chand Mal Lodh.
260 _aNew Delhi :
_bDeep & Deep Publications,
_cc1996.
300 _axvii, 364 p. ;
_c22 cm.
500 _aIncludes index.
504 _aIncludes bibliographical references (p. [350]-360).
650 0 _aCivil rights
_zIndia.
_97355
700 _aLodh, Chand Mal
_9160756
942 _2ddc
_cBK
999 _c4689
_d4689